000 00486cam a22001217a 4500
008 180718b1983 xxu||||| |||| 00| 0 eng d
082 _aA81x54 In2/81/6/PT13A&B/B
100 _aCensus of India 1981
245 _aHaryana district census handbook, Bhiwani: village and town directory, villagewise and townwise primary census abstract
260 _aChandigarh
_bDirectorate of Census Operations
_c1983
300 _a191+p.
440 _aCensus of India 1981. Series-6, Haryana. Parts XIII-A&B
999 _c482678
_d482678